Месторождения Урана: зональность и парагенезисы

Podrobná bibliografie
Další autoři: Суражский Д. Я. Даниил Яковлевич (редактор)
Jazyk:ruština
Vydáno: Москва, Атомиздат, 1970
Témata:
Médium: MixedMaterials Kniha
KOHA link:https://koha.lib.tpu.ru/cgi-bin/koha/opac-detail.pl?biblionumber=109229

MARC

LEADER 00000nam0a2200000 4500
001 109229
005 20231031115941.0
035 |a (RuTPU)RU\TPU\book\117908 
090 |a 109229 
100 |a 20070201d1970 k y0rusy50 ca 
101 0 |a rus 
102 |a RU 
105 |a ab z 001zy 
200 1 |a Месторождения Урана: зональность и парагенезисы  |f под ред. Д. Я. Суражского 
210 |a Москва  |c Атомиздат  |d 1970 
215 |a 352 с.  |c ил. 
320 |a Библиогр. в конце разд. 
610 1 |a урановые руды 
610 1 |a месторождения 
610 1 |a зональность 
610 1 |a минералогия 
610 1 |a парагенезисы 
675 |a 553.495  |v 3 
702 1 |a Суражский  |b Д. Я.  |g Даниил Яковлевич  |4 340 
801 1 |a RU  |b 63413507  |c 20070201  |g PSBO 
801 2 |a RU  |b 63413507  |c 20081003  |g PSBO 
942 |c BK